000 00285nam a2200097Ia 4500
005 20251222114347.0
008 251222s1900||||xx |||||||||||||| ||spa||
082 _aDVD0093/S42/2006
245 0 _aDónde está el amigo que siempre busco?: la experiencia educativa en el cine :
942 _cDVD
999 _c1077
_d1077